[Event "Araraquara op"]
[Site "Araraquara"]
[Date "2023.02.21"]
[Round "5.39"]
[White "Morioka, Felipe Yukio"]
[Black "Meirelles, Olyntho Vitoria"]
[Result "1-0"]
[WhiteElo "1800"]
[BlackElo "1394"]
[PlyCount "29"]
[EventDate "2023.02.19"]
[EventType "swiss"]
[EventRounds "6"]
[EventCountry "BRA"]
[SourceTitle "CBM 213 Extra"]
[Source "ChessBase"]
[SourceDate "2023.05.31"]
[SourceVersion "1"]
[SourceVersionDate "2023.05.31"]
[SourceQuality "1"]

1. e4 e5 2. Nf3 Nc6 3. Bc4 Be7 4. d4 exd4 5. Nxd4 Nxd4 6. Qxd4 Bf6 7. e5 Qe7 8. 0-0 Bxe5 9. Qd1 Bxh2+ 10. Kxh2 Qh4+ 11. Kg1 Qxc4 12. Re1+ Ne7 13. b3 Qc5 14. Ba3 Qc6 15. Bxe7 1-0

[Event "Araraquara op"]
[Site "Araraquara"]
[Date "2023.02.20"]
[Round "4.26"]
[White "Meirelles, Olyntho Vitoria"]
[Black "Cagliumi, Rodrigo Cesar"]
[Result "0-1"]
[WhiteElo "1394"]
[BlackElo "2200"]
[PlyCount "37"]
[EventDate "2023.02.19"]
[EventType "swiss"]
[EventRounds "6"]
[EventCountry "BRA"]
[SourceTitle "CBM 213 Extra"]
[Source "ChessBase"]
[SourceDate "2023.05.31"]
[SourceVersion "1"]
[SourceVersionDate "2023.05.31"]
[SourceQuality "1"]

1. e4 d5 2. e5 c5 3. c3 Bf5 4. d4 e6 5. Nf3 Nc6 6. Bb5 Qb6 7. Bxc6+ bxc6 8. Nh4 Ne7 9. 0-0 h6 10. Nxf5 Nxf5 11. Qc2 h5 12. Be3 Be7 13. Nd2 0-0 14. Nf3 cxd4 15. cxd4 Nxe3 16. fxe3 c5 17. Rab1 Rac8 18. Qe2 Rc7 19. Nd2 0-1

[Event "Florianopolis op 6th"]
[Site "Florianopolis"]
[Date "2020.01.25"]
[Round "9"]
[White "Usui, Gabriella Yumi"]
[Black "Meirelles, Olyntho Vitoria"]
[Result "1/2-1/2"]
[WhiteElo "1227"]
[BlackElo "1440"]
[PlyCount "120"]
[EventDate "2020.01.20"]
[EventType "swiss"]
[EventRounds "10"]
[EventCountry "BRA"]
[SourceTitle "CBM 194 Extra"]
[Source "ChessBase"]
[SourceDate "2020.03.31"]
[SourceVersion "1"]
[SourceVersionDate "2020.03.31"]
[SourceQuality "1"]

1. d4 f5 2. Nf3 Nf6 3. c4 e6 4. g3 Bb4+ 5. Bd2 Qe7 6. Bg2 Bxd2+ 7. Nbxd2 Nc6 8. 0-0 d6 9. a3 Bd7 10. Rc1 0-0 11. e3 a6 12. Qc2 Be8 13. Kh1 Bg6 14. Nh4 Bf7 15. Nhf3 d5 16. cxd5 Nxd5 17. Nc4 Rac8 18. Qb1 b5 19. Nce5 Nxe5 20. Nxe5 c5 21. Nxf7 Rxf7 22. dxc5 Rxc5 23. Rxc5 Qxc5 24. Rc1 Qd6 25. Qd3 Rd7 26. Qe2 Nf6 27. Bf3 Qd2 28. Rc2 Qxe2 29. Bxe2 Kf7 30. Kg2 h6 31. Kf1 g5 32. Ke1 e5 33. Rc6 Ra7 34. f3 Ke7 35. b3 h5 36. a4 bxa4 37. bxa4 a5 38. Ra6 Rxa6 39. Bxa6 Nd5 40. Kd2 Kd6 41. Bd3 f4 42. exf4 exf4 43. gxf4 Nxf4 44. Bb5 Kc5 45. Ke3 Kd5 46. Bd7 Ke5 47. Bc6 Ne6 48. Be8 h4 49. Bd7 Ng7 50. Bc6 Nf5+ 51. Kd3 Nd4 52. Ba8 Nf5 53. Kc4 Nd4 54. Kc5 Nb3+ 55. Kb6 Kd4 56. Be4 Kc4 57. Kc6 Kb4 58. Kc7 Nc5 59. Kd6 Nxa4 60. Ke5 Nc5 1/2-1/2

[Event "Ribeirao Preto Recra Chess 1st"]
[Site "Ribeirao Preto"]
[Date "2015.10.25"]
[Round "4.9"]
[White "Meirelles, Olyntho Vitoria"]
[Black "Lanchoti, Edivaldo"]
[Result "0-1"]
[WhiteElo "1503"]
[BlackElo "1852"]
[PlyCount "85"]
[EventDate "2015.10.24"]
[EventType "swiss"]
[EventRounds "5"]
[EventCountry "BRA"]
[SourceTitle "EXT 2022"]
[Source "ChessBase"]
[SourceDate "2021.10.06"]
[SourceVersion "1"]
[SourceVersionDate "2021.10.06"]
[SourceQuality "1"]

1. e4 d6 2. d4 Nf6 3. Nc3 g6 4. Be3 Bg7 5. Nf3 0-0 6. Bc4 Bg4 7. h3 Bxf3 8. Qxf3 c6 9. 0-0-0 Nbd7 10. g4 e5 11. d5 c5 12. Qg3 Qa5 13. f4 Nb6 14. Bd3 Na4 15. Nxa4 Qxa4 16. fxe5 dxe5 17. Bxc5 Rfc8 18. Qe3 b6 19. Ba3 Nd7 20. c3 Rxc3+ 21. bxc3 Qxa3+ 22. Kd2 Qb2+ 23. Bc2 Rc8 24. Rb1 Qxa2 25. Ra1 Qc4 26. Ra4 Qc7 27. Rha1 a5 28. R4a3 Bf8 29. R3a2 Qd8 30. Ba4 Nc5 31. Rb1 Qh4 32. Ke2 h5 33. Rg1 Nxa4 34. Rxa4 Bc5 35. Qg3 Qe7 36. Rg2 h4 37. Qd3 Qd7 38. c4 Qxa4 39. d6 Bd4 40. Kf3 Qd7 41. Rb2 Qxd6 42. Rb5 Qe6 43. Rd5 0-1

[Event "Ribeirao Preto Batatais op"]
[Site "Ribeirao Preto"]
[Date "2015.02.28"]
[Round "1"]
[White "Meirelles, Olyntho Vitoria"]
[Black "Leao, Breno Siqueira"]
[Result "0-1"]
[WhiteElo "1785"]
[BlackElo "1682"]
[PlyCount "72"]
[EventDate "2015.02.28"]
[EventType "swiss"]
[EventRounds "5"]
[EventCountry "BRA"]
[SourceTitle "CBM 165 Extra"]
[Source "ChessBase"]
[SourceDate "2015.04.21"]
[SourceVersion "1"]
[SourceVersionDate "2015.04.21"]
[SourceQuality "1"]

1. e4 g6 2. Nf3 Bg7 3. d4 c6 4. c4 d5 5. cxd5 cxd5 6. Bb5+ Bd7 7. Bxd7+ Qxd7 8. e5 f6 9. Bf4 Nc6 10. Nc3 Nh6 11. 0-0 0-0 12. Re1 e6 13. Qd2 Nf7 14. exf6 Bxf6 15. Rad1 Rae8 16. h4 Qd8 17. Bg3 Nd6 18. b3 Nf5 19. Qf4 Nfxd4 20. Ne2 Nxf3+ 21. Qxf3 Bxh4 22. Qg4 Bxg3 23. Nxg3 Qf6 24. Rd2 Rf7 25. Re3 Rfe7 26. Rf3 Qg7 27. Nf1 Ne5 28. Qg3 Nxf3+ 29. Qxf3 Qf7 30. Qe3 e5 31. Qxa7 d4 32. Qc5 Rc7 33. Qb5 Rd8 34. Qd3 Qf5 35. Qxf5 gxf5 36. Ng3 Rc1+ 0-1

[Event "Ribeirao Preto Batatais op"]
[Site "Ribeirao Preto"]
[Date "2015.02.28"]
[Round "3"]
[White "Meirelles, Olyntho Vitoria"]
[Black "Pereira, Aelson"]
[Result "1-0"]
[WhiteElo "1785"]
[BlackElo "1754"]
[PlyCount "131"]
[EventDate "2015.02.28"]
[EventType "swiss"]
[EventRounds "5"]
[EventCountry "BRA"]
[SourceTitle "CBM 165 Extra"]
[Source "ChessBase"]
[SourceDate "2015.04.21"]
[SourceVersion "1"]
[SourceVersionDate "2015.04.21"]
[SourceQuality "1"]

1. e4 c5 2. f4 Nc6 3. Nf3 e6 4. Bb5 d5 5. e5 Bd7 6. c3 Rc8 7. d4 cxd4 8. Bxc6 Bxc6 9. cxd4 Bb4+ 10. Nc3 Bb5 11. Bd2 Bd3 12. Qb3 Bxc3 13. Bxc3 Qd7 14. Kf2 Ne7 15. Rac1 0-0 16. a3 Rc6 17. Bb4 Bc4 18. Qd1 Rfc8 19. Qd2 Bb3 20. Rxc6 Rxc6 21. Rc1 Rc4 22. Qe3 Nf5 23. Qd2 Qc6 24. Rxc4 Qxc4 25. Bc3 Ba4 26. g4 Nh6 27. h3 Bb5 28. Qd1 b6 29. Bb4 a5 30. b3 Qc6 31. Bd2 a4 32. b4 Kf8 33. Qc1 Qc4 34. Qxc4 Bxc4 35. f5 exf5 36. Bxh6 fxg4 37. Bxg7+ Kxg7 38. hxg4 Kg6 39. Kg3 Be2 40. Nh4+ Kg5 41. Nf5 Bxg4 42. Ne3 Be6 43. Nd1 h5 44. Nc3 h4+ 45. Kh2 Kf4 46. Nxa4 Ke4 47. Nxb6 Kxd4 48. a4 Kc3 49. a5 d4 50. a6 Bf5 51. Nd5+ Kb3 52. a7 d3 53. a8Q Be4 54. Qa1 Bxd5 55. Qd1+ Kc3 56. b5 d2 57. b6 Bb3 58. Qf3+ Kc2 59. b7 d1Q 60. Qxd1+ Kxd1 61. b8Q Be6 62. Qb2 h3 63. Kg1 Ke1 64. Qc2 Bd5 65. Qf2+ Kd1 66. Qd4+ 1-0

[Event "Batatais op 3rd"]
[Site "Batatais"]
[Date "2013.12.22"]
[Round "5"]
[White "Meirelles, Olyntho Vitoria"]
[Black "Pereira, Daniele Costa"]
[Result "0-1"]
[WhiteElo "1785"]
[BlackElo "1604"]
[PlyCount "103"]
[EventDate "2013.12.20"]
[EventType "swiss"]
[EventRounds "6"]
[EventCountry "BRA"]
[SourceTitle "CBM 158 Extra"]
[Source "ChessBase"]
[SourceDate "2014.02.28"]
[SourceVersion "1"]
[SourceVersionDate "2014.02.28"]
[SourceQuality "1"]

1. e4 e6 2. d4 d5 3. e5 c5 4. c3 Nc6 5. Bb5 Qb6 6. Bxc6+ Qxc6 7. Nf3 Ne7 8. 0-0 Bd7 9. Be3 Nf5 10. Re1 Rc8 11. Nbd2 Qb6 12. Rb1 cxd4 13. cxd4 Nxe3 14. Rxe3 Be7 15. Rc3 0-0 16. Nf1 Qa5 17. Rxc8 Rxc8 18. a3 a6 19. Rc1 Qd8 20. Ng3 Rc7 21. Ne2 Qc8 22. Rxc7 Qxc7 23. Qd2 b5 24. b4 Bd8 25. Qc1 Qxc1+ 26. Nxc1 a5 27. Nd3 axb4 28. Nxb4 Kf8 29. Kf1 Ke7 30. Nd2 f6 31. f4 h6 32. g3 g5 33. Ke2 Be8 34. Nb3 Bb6 35. Kd3 gxf4 36. gxf4 fxe5 37. fxe5 Bg6+ 38. Ke3 Bf5 39. Kf4 Kf7 40. Nxd5 Bc2 41. Nxb6 Bxb3 42. Nc8 Kg6 43. Nd6 Ba4 44. Ne4 Bb3 45. Nc3 Bc4 46. h3 Kh5 47. Kg3 Bd3 48. d5 exd5 49. Nxd5 Bc4 50. Nf4+ Kg5 51. e6 Kf6 52. Kg4 0-1

[Event "Natal op"]
[Site "Natal"]
[Date "2013.09.07"]
[Round "3"]
[White "Pinheiro, Emanuel Eliez Jr"]
[Black "Meirelles, Olyntho Vitoria"]
[Result "1-0"]
[WhiteElo "1901"]
[BlackElo "1806"]
[PlyCount "79"]
[EventDate "2013.09.06"]
[EventType "swiss"]
[EventRounds "6"]
[EventCountry "BRA"]
[SourceTitle "EXT 2016"]
[Source "ChessBase"]
[SourceDate "2015.10.08"]
[SourceVersion "1"]
[SourceVersionDate "2015.10.08"]
[SourceQuality "1"]

1. c4 e5 2. Nc3 Bb4 3. Nd5 Ba5 4. b4 c6 5. bxa5 cxd5 6. cxd5 Qxa5 7. Qc2 Na6 8. e4 Nf6 9. Bxa6 Qxa6 10. Ne2 d6 11. d3 Bd7 12. 0-0 Rc8 13. Qb3 Ba4 14. Qb4 Bb5 15. Ng3 Bxd3 16. Re1 0-0 17. f3 Rc4 18. Qd2 Rc2 19. Qg5 Nd7 20. Nf5 g6 21. Qg3 Re8 22. Bh6 Qb6+ 23. Kh1 Qf2 24. Qh3 gxf5 25. Be3 Qxg2+ 26. Qxg2+ Rxg2 27. Kxg2 fxe4 28. Rg1 Kh8 29. Kf2 exf3 30. Kxf3 e4+ 31. Kf4 Nf6 32. Bd4 Re5 33. Bxe5 dxe5+ 34. Kxe5 Nd7+ 35. Kd4 h5 36. Rac1 Nb6 37. Rc7 Bc4 38. Rxc4 Nxc4 39. Kxc4 f5 40. d6 1-0